000 00801nam a2200241Ia 4500
005 20260127145154.0
008 210716s2011 xx 000 0 und d
020 _a9780071078030
040 _cAIMIT LIBRARY
041 _aeng
082 _a658.001
_22
_bGEET
100 _aGeetika.
_919755
245 _aManagerial economics /
_cBy Geetika, Piyali Ghosh and Purba Roy Choudhury.
250 _a2nd ed.
260 _aNew Delhi :
_bTata McGraw Hill Education Private Limited ,
_c2012 .
300 _axxxii,632p. ;
_c25 cm.
_bPB
650 _aConsumer Preferences and Choice.
_919759
650 _aPricing Decisions.
_919760
650 _aTheory of production and cost
_9252821
700 _aGhosh, Piyali.
_919756
700 _aChoudhury, Purba Roy.
_919757
942 _2ddc
_cBK
_e2nd
_k658.001 GEET
999 _c185266
_d185266